The experimental basis of modern biology
Gorde:
| Egile nagusia: | |
|---|---|
| Formatua: | Liburua |
| Hizkuntza: | Undetermined |
| Argitaratua: |
London
Cambrige University
1965
|
| Gaiak: | |
| Etiketak: |
Etiketa erantsi
Etiketarik gabe, Izan zaitez lehena erregistro honi etiketa jartzen!
|
| Thư viện lưu trữ: | Trung tâm Học liệu Trường Đại học Cần Thơ |
|---|
| LEADER | 00474nam a2200181Ia 4500 | ||
|---|---|---|---|
| 001 | CTU_78594 | ||
| 008 | 210402s9999 xx 000 0 und d | ||
| 082 | |a 570 | ||
| 082 | |b R178 | ||
| 100 | |a Ramsay, J. A. | ||
| 245 | 4 | |a The experimental basis of modern biology | |
| 245 | 0 | |c J. A. Ramsay | |
| 260 | |a London | ||
| 260 | |b Cambrige University | ||
| 260 | |c 1965 | ||
| 650 | |a Biology | ||
| 650 | |x Experimental | ||
| 980 | |a Trung tâm Học liệu Trường Đại học Cần Thơ | ||